ბათუმის შოთა რუსთაველის სახელმწიფო უნივერსიტეტის ბიბლიოთეკა

კონსერვაცია არქეოლოგიაში : (ბიბ.ჩანაწერი № 54336)

000 -ლიდერი
ფიქსირებული სიგრძის საკონტროლო ველი 01904nam a2200313Ia 4500
001 - საკონტროლო ნომერი
საკონტროლო ველი 21392
003 - საკონტროლო ნომრის იდენტიფიკატორი
საკონტროლო ველი GE_BSU
005 - ბოლო ოპერაციის თარიღი და დრო
საკონტროლო ველი 20211104165747.0
008 - ფიქსირებული სიგრძის მონაცემთა ელემენტები - ზოგადი ინფორმაცია
ფიქსირებული სიგრძის საკონტროლო ველი 181216s2016||||ge |||||||||||||| ||geo||
020 ## - წიგნის საერთაშორისო სტანდარტული ნომერი
International Standard Book Number 9789941097737
040 ## - კატალოგიზაციის წყარო
Transcribing agency GE_BSU
041 ## - ენის კოდი
Language code of text/sound track or separate title geo
080 ## - უნივერსალური ათობითი კლასიფიკაციის ინდექსი
Universal Decimal Classification number 902.3 კ-73
245 ## - ცნობა სათაურის შესახებ
Title კონსერვაცია არქეოლოგიაში :
Remainder of title არქეოლოგიური ძეგლების კონსერვაციისა და რესტავრაციის თეორიული და პრაქტიკული სახელმძღვანელო /
Statement of responsibility, etc ჟ. ადამი, მ. ბაილი, მ. ბერდუკუ და სხვ. ; კოორდინატორი ბერდუკუ, მარი. ფრანგ. თარგმნა ნინო კიტოვანმა. რედ. ვ. შატბერაშვილი, თ. ქართველიშვილი.
264 ## - წარმოების, გამოცემის, დისტრიბუციის და სხვა ცნობები
გამოცემის, წარმოების, დისტრიბუციის... ადგილი თბილისი :
გამოცემის, წარმოების, დისტრიბუციის... სახელწოდება მასონი,
გამოცემის, წარმოების, დისტრიბუციის... თარიღი 2016.
300 ## - ფიზიკური აღწერა
Extent 639გვ. :
Other physical details ილ. ;
Dimensions 27 სმ.
504 ## - BIBLIOGRAPHY, ETC. NOTE
Bibliography, etc ბიბლიოგრაფია გვ. : 607-639
653 ## - INDEX TERM--UNCONTROLLED
Uncontrolled term არქეოლოგია
653 ## - INDEX TERM--UNCONTROLLED
Uncontrolled term კონსერვაცია არქეოლოგიაში
653 ## - INDEX TERM--UNCONTROLLED
Uncontrolled term ძეგლების კონსერვაცია
700 ## - ADDED ENTRY--PERSONAL NAME
Personal name ადამი, ჟ.
Relator term ავტორი
9 (RLIN) 12832
700 ## - ADDED ENTRY--PERSONAL NAME
Personal name ბაილი, მ.
Relator term ავტორი
9 (RLIN) 12833
700 ## - ADDED ENTRY--PERSONAL NAME
Personal name ბერდუკუ, მ.
Relator term ავტორი
9 (RLIN) 12834
700 ## - ADDED ENTRY--PERSONAL NAME
Personal name კიტოვანი, ნინო
Relator term მთარგმნელი
9 (RLIN) 12835
700 ## - ADDED ENTRY--PERSONAL NAME
Personal name შატბერაშვილი, ვ.
Relator term რედაქტორი
9 (RLIN) 12836
700 ## - ADDED ENTRY--PERSONAL NAME
Personal name ქართველიშვილი, თ.
Relator term რედაქტორი
9 (RLIN) 12837
942 ## - ADDED ENTRY ELEMENTS (KOHA)
Koha item type წიგნი
Source of classification or shelving scheme
ეგზემპლარები
ჩამოწერის სტატუსი დაკარგული ეგზემპლარის სტატუსი კლასიფიკაციის წყარო ან თაროზე გაწყობის სქემა დაზიანების სტატუსი არ გაიცემა მუდმივი მდებარეობა (დაცვის ადგილი) ამჟამინდელი ადგილსამყოფელი თაროზე განთავსების ადგილი შეძენის თარიღი ღირებულება, შესყიდვის ნორმალური ფასი სრული შენახვის შიფრი შტრიხკოდი ბოლო ოპერაციის თარიღი ეგზემპლარის მიმდევრობითი ნომერი (კეტერი?) ფასის ძალაში შესვლის თარიღი ეგზემპლარის სახეობა საჯარო შენიშვნა
          ბათუმის შოთა რუსთაველის სახელმწიფო უნივერსიტეტის მთავარი ბიბლიოთეკა ბათუმის შოთა რუსთაველის სახელმწიფო უნივერსიტეტის მთავარი ბიბლიოთეკა წიგნსაცავი 2018-12-17 35.00 902.3 კ-73 55329 2018-12-17 55329 2018-12-17 წიგნი 35.00 ₾.